Retail. (Record no. 84329)
[ view plain ]
| 000 -LEADER | |
|---|---|
| fixed length control field | 02197cam a2200385 i 4500 |
| 001 - CONTROL NUMBER | |
| control field | GVRL512N |
| 003 - CONTROL NUMBER IDENTIFIER | |
| control field | MiFhGG |
| 005 - DATE AND TIME OF LATEST TRANSACTION | |
| control field | 20250820004435.0 |
| 006 - FIXED-LENGTH DATA ELEMENTS--ADDITIONAL MATERIAL CHARACTERISTICS | |
| fixed length control field | m o d |
| 007 - PHYSICAL DESCRIPTION FIXED FIELD--GENERAL INFORMATION | |
| fixed length control field | cr un ---uuuua |
| 008 - FIXED-LENGTH DATA ELEMENTS--GENERAL INFORMATION | |
| fixed length control field | 220531t20212021nyua ob 000 0 eng d |
| 020 ## - INTERNATIONAL STANDARD BOOK NUMBER | |
| International Standard Book Number | 9781646933518 |
| Qualifying information | (electronic book) |
| 035 ## - SYSTEM CONTROL NUMBER | |
| System control number | (OCoLC)1325199180 |
| 040 ## - CATALOGING SOURCE | |
| Original cataloging agency | MiFhGG |
| Language of cataloging | eng |
| Transcribing agency | MiFhGG |
| Description conventions | rda |
| -- | pn |
| 050 #4 - LIBRARY OF CONGRESS CALL NUMBER | |
| Classification number | HF5429.29 |
| Item number | .R48 2021 |
| 245 00 - TITLE STATEMENT | |
| Title | Retail. |
| 250 ## - EDITION STATEMENT | |
| Edition statement | Third edition. |
| 264 #1 - PRODUCTION, PUBLICATION, DISTRIBUTION, MANUFACTURE, AND COPYRIGHT NOTICE | |
| Place of production, publication, distribution, manufacture | New York, New York : |
| Name of producer, publisher, distributor, manufacturer | Ferguson, |
| Date of production, publication, distribution, manufacture, or copyright notice | [2021] |
| 264 #4 - PRODUCTION, PUBLICATION, DISTRIBUTION, MANUFACTURE, AND COPYRIGHT NOTICE | |
| Date of production, publication, distribution, manufacture, or copyright notice | ©2021 |
| 300 ## - PHYSICAL DESCRIPTION | |
| Extent | 1 online resource (450 pages) : |
| Other physical details | color illustrations. |
| 336 ## - CONTENT TYPE | |
| Content type term | text |
| Content type code | txt |
| Source | rdacontent |
| 337 ## - MEDIA TYPE | |
| Media type term | computer |
| Media type code | c |
| Source | rdamedia |
| 338 ## - CARRIER TYPE | |
| Carrier type term | online resource |
| Carrier type code | cr |
| Source | rdacarrier |
| 490 1# - SERIES STATEMENT | |
| Series statement | Ferguson's careers in focus |
| 490 0# - SERIES STATEMENT | |
| Series statement | Gale eBooks |
| 504 ## - BIBLIOGRAPHY, ETC. NOTE | |
| Bibliography, etc. note | Includes bibliographical references. |
| 505 0# - FORMATTED CONTENTS NOTE | |
| Formatted contents note | Antiques and art dealers -- Auctioneers -- Automobile sales workers -- Automotive dealership owners -- Automotive dealership sales managers -- Bookkeeping and accounting clerks -- Business managers -- Buyers -- Cashiers -- Chief customer officers -- Cosmetics sales representatives -- Cosmetics shop owners and managers -- Counter and retail clerks -- Customer service directors -- Customer service representatives -- Florists -- Franchise owners -- Jewelers and jewelry repairers -- Loss prevention managers -- Market research analysts -- Merchandise displayers -- Personal shoppers -- Pet shop workers -- Retail business owners -- Retail loss prevention specialists -- Retail managers -- Retail sales workers -- Sales managers -- Sales representatives -- Stock clerks -- Supermarket workers -- Watch and clock repairers. |
| 520 ## - SUMMARY, ETC. | |
| Summary, etc. | This book profiles jobs in Retail such as Antiques and Art Dealers, Auctioneers, Buyers, Cashiers, Florists, Loss Prevention Managers, Pet Shop Workers, Stock Clerks, Supermarket Workers, and more. |
| 650 #0 - SUBJECT ADDED ENTRY--TOPICAL TERM | |
| Topical term or geographic name entry element | Retail trade |
| General subdivision | Vocational guidance. |
| 710 2# - ADDED ENTRY--CORPORATE NAME | |
| Corporate name or jurisdiction name as entry element | Gale (Firm) |
| 830 #0 - SERIES ADDED ENTRY--UNIFORM TITLE | |
| Uniform title | Careers in focus. |
| 856 40 - ELECTRONIC LOCATION AND ACCESS | |
| Uniform Resource Identifier | <a href="https://link.gale.com/apps/pub/512N/GVRL?sid=gale_marc&u=phurs">https://link.gale.com/apps/pub/512N/GVRL?sid=gale_marc&u=phurs</a> |
| Public note | Available via Gale eBooks. Click here to access |
| 912 ## - | |
| -- | 512N |
| 942 ## - ADDED ENTRY ELEMENTS (KOHA) | |
| Source of classification or shelving scheme | Library of Congress Classification |
| Koha item type | E-Book |
| Withdrawn status | Source of classification or shelving scheme | Damaged status | Not for loan | Home library | Current library | Date acquired | Total Checkouts | Date last seen | Price effective from | Koha item type |
|---|---|---|---|---|---|---|---|---|---|---|
| Library of Congress Classification | E-Books Gale | E-Books Gale | 08/19/2025 | 08/19/2025 | 08/19/2025 | E-Book |